|
|
|
|
| LEADER |
01097nam a2200301 a 4500 |
| 001 |
29735 |
| 003 |
BD-DhAAL |
| 005 |
20150826115745.0 |
| 008 |
150826s1993 mau b 001 0 eng |
| 010 |
|
|
|a 93016042
|
| 020 |
|
|
|a 0674076060
|
| 020 |
|
|
|a 0674076052 (acidfree paper)
|
| 040 |
|
|
|a DLC
|c DLC
|d DLC
|d BD-DhAAL
|
| 043 |
|
|
|a n-us---
|
| 050 |
0 |
0 |
|a CB235
|b .G55 1993
|
| 082 |
0 |
0 |
|a 305.896073
|2 20
|
| 100 |
1 |
|
|a Gilroy, Paul.
|9 14122
|
| 245 |
1 |
4 |
|a The black Atlantic :
|b modernity and double consciousness /
|c Paul Gilroy.
|
| 260 |
|
|
|a Cambridge, Mass. :
|b Harvard University Press,
|c 1993.
|
| 300 |
|
|
|a xi, 261 p. ;
|c 25 cm.
|
| 504 |
|
|
|a Includes bibliographical references (p. [225]-252) and index.
|
| 541 |
|
|
|e 29735
|
| 650 |
|
0 |
|a Blacks
|x Intellectual life.
|9 14123
|
| 650 |
|
0 |
|a African Americans
|x Intellectual life.
|9 14124
|
| 650 |
|
0 |
|a Afrocentrism.
|9 14125
|
| 942 |
|
|
|2 ddc
|c BK
|
| 999 |
|
|
|c 35342
|d 35342
|
| 952 |
|
|
|0 0
|1 0
|2 ddc
|4 0
|6 305_896073000000000_GIL
|7 0
|9 55549
|a BRACUL
|b BRACUL
|c GEN
|d 2015-08-26
|e Karim International
|g 2183.00
|l 0
|o 305.896073 GIL
|p 3010029735
|r 2015-08-26
|t 1
|w 2015-08-26
|y BK
|